<?xml version="1.0" encoding="UTF-8"?>
<collection xmlns="http://www.loc.gov/MARC21/slim">
 <record>
  <leader>04235cas a22007097i 4500</leader>
  <controlfield tag="001">000312357</controlfield>
  <controlfield tag="003">CZ-PrVSE</controlfield>
  <controlfield tag="005">20220512113042.0</controlfield>
  <controlfield tag="007">ta</controlfield>
  <controlfield tag="008">150430c20149999xr ar-mfr     0   a0cze d</controlfield>
  <datafield tag="015" ind1=" " ind2=" ">
   <subfield code="a">cnb002697595</subfield>
   <subfield code="z">cnb002583572</subfield>
  </datafield>
  <datafield tag="035" ind1=" " ind2=" ">
   <subfield code="a">(OCoLC)910989067</subfield>
  </datafield>
  <datafield tag="040" ind1=" " ind2=" ">
   <subfield code="a">ABA001</subfield>
   <subfield code="b">cze</subfield>
   <subfield code="c">ABA006</subfield>
   <subfield code="d">BOA001</subfield>
   <subfield code="e">rda</subfield>
   <subfield code="d">ABA006</subfield>
  </datafield>
  <datafield tag="072" ind1=" " ind2="7">
   <subfield code="a">336.1/.5</subfield>
   <subfield code="x">Veřejné finance</subfield>
   <subfield code="2">Konspekt</subfield>
   <subfield code="9">4</subfield>
  </datafield>
  <datafield tag="072" ind1=" " ind2="9">
   <subfield code="a">336</subfield>
   <subfield code="x">Public finance</subfield>
   <subfield code="2">Conspectus</subfield>
   <subfield code="9">4</subfield>
  </datafield>
  <datafield tag="080" ind1=" " ind2=" ">
   <subfield code="a">336.14</subfield>
   <subfield code="2">MRF_2003</subfield>
  </datafield>
  <datafield tag="080" ind1=" " ind2=" ">
   <subfield code="a">336.143</subfield>
   <subfield code="2">MRF_2003</subfield>
  </datafield>
  <datafield tag="080" ind1=" " ind2=" ">
   <subfield code="a">(437.3)</subfield>
   <subfield code="2">MRF_2003</subfield>
  </datafield>
  <datafield tag="080" ind1=" " ind2=" ">
   <subfield code="a">(036)</subfield>
   <subfield code="2">MRF_2003</subfield>
  </datafield>
  <datafield tag="099" ind1=" " ind2="9">
   <subfield code="a">336.1STÁ</subfield>
  </datafield>
  <datafield tag="245" ind1="0" ind2="0">
   <subfield code="a">Státní rozpočet ... v kostce :</subfield>
   <subfield code="b">informační příručka Ministerstva financí České republiky</subfield>
  </datafield>
  <datafield tag="246" ind1="3" ind2=" ">
   <subfield code="a">Státní rozpočet v kostce</subfield>
  </datafield>
  <datafield tag="264" ind1=" " ind2="1">
   <subfield code="a">Praha :</subfield>
   <subfield code="b">Ministerstvo financí,</subfield>
   <subfield code="c">2014-</subfield>
  </datafield>
  <datafield tag="300" ind1=" " ind2=" ">
   <subfield code="a">svazků</subfield>
  </datafield>
  <datafield tag="310" ind1=" " ind2=" ">
   <subfield code="a">Ročenka</subfield>
  </datafield>
  <datafield tag="336" ind1=" " ind2=" ">
   <subfield code="a">text</subfield>
   <subfield code="b">txt</subfield>
   <subfield code="2">rdacontent</subfield>
  </datafield>
  <datafield tag="337" ind1=" " ind2=" ">
   <subfield code="a">bez média</subfield>
   <subfield code="b">n</subfield>
   <subfield code="2">rdamedia</subfield>
  </datafield>
  <datafield tag="338" ind1=" " ind2=" ">
   <subfield code="a">svazek</subfield>
   <subfield code="b">nc</subfield>
   <subfield code="2">rdacarrier</subfield>
  </datafield>
  <datafield tag="362" ind1="0" ind2=" ">
   <subfield code="a">2014-</subfield>
  </datafield>
  <datafield tag="500" ind1=" " ind2=" ">
   <subfield code="a">Součástí názvu je označení běžného roku</subfield>
  </datafield>
  <datafield tag="500" ind1=" " ind2=" ">
   <subfield code="a">Podnázev se mírně mění</subfield>
  </datafield>
  <datafield tag="500" ind1=" " ind2=" ">
   <subfield code="a">Jednotlivé svazky mají ISBN</subfield>
  </datafield>
  <datafield tag="650" ind1="0" ind2="7">
   <subfield code="a">státní rozpočet</subfield>
   <subfield code="7">ph126190</subfield>
   <subfield code="2">czenas</subfield>
  </datafield>
  <datafield tag="650" ind1="0" ind2="7">
   <subfield code="a">rozpočtová politika</subfield>
   <subfield code="7">ph381208</subfield>
   <subfield code="2">czenas</subfield>
  </datafield>
  <datafield tag="655" ind1=" " ind2="7">
   <subfield code="a">informační publikace</subfield>
   <subfield code="7">fd132454</subfield>
   <subfield code="2">czenas</subfield>
  </datafield>
  <datafield tag="650" ind1="0" ind2="9">
   <subfield code="a">budget</subfield>
   <subfield code="2">eczenas</subfield>
  </datafield>
  <datafield tag="650" ind1="0" ind2="9">
   <subfield code="a">budgetary policy</subfield>
   <subfield code="2">eczenas</subfield>
  </datafield>
  <datafield tag="655" ind1=" " ind2="9">
   <subfield code="a">information publications</subfield>
   <subfield code="2">eczenas</subfield>
  </datafield>
  <datafield tag="710" ind1="1" ind2=" ">
   <subfield code="a">Česko.</subfield>
   <subfield code="b">Ministerstvo financí</subfield>
   <subfield code="7">ko20010091990</subfield>
   <subfield code="4">aut</subfield>
   <subfield code="4">pbl</subfield>
  </datafield>
  <datafield tag="902" ind1=" " ind2=" ">
   <subfield code="a">978-80-85045-85-7</subfield>
   <subfield code="q">(2016 ;</subfield>
   <subfield code="q">brožováno)</subfield>
  </datafield>
  <datafield tag="902" ind1=" " ind2=" ">
   <subfield code="a">978-80-85045-95-6</subfield>
   <subfield code="q">(2017 ;</subfield>
   <subfield code="q">brožováno)</subfield>
  </datafield>
  <datafield tag="902" ind1=" " ind2=" ">
   <subfield code="a">978-80-7586-008-8</subfield>
   <subfield code="q">(2018 ;</subfield>
   <subfield code="q">brožováno)</subfield>
  </datafield>
  <datafield tag="902" ind1=" " ind2=" ">
   <subfield code="a">978-80-7586-025-5</subfield>
   <subfield code="q">(2019 ;</subfield>
   <subfield code="q">brožováno)</subfield>
  </datafield>
  <datafield tag="910" ind1=" " ind2=" ">
   <subfield code="a">ABA006</subfield>
   <subfield code="b">různé signatury</subfield>
   <subfield code="r">2016-</subfield>
   <subfield code="t">n</subfield>
  </datafield>
  <datafield tag="928" ind1="9" ind2=" ">
   <subfield code="a">Ministerstvo financí České republiky</subfield>
  </datafield>
  <datafield tag="993" ind1=" " ind2=" ">
   <subfield code="a">006645597</subfield>
  </datafield>
  <datafield tag="996" ind1=" " ind2=" ">
   <subfield code="1">HPUVV</subfield>
   <subfield code="3">A 12780-V1</subfield>
   <subfield code="4">N:G</subfield>
   <subfield code="5">4202142076</subfield>
   <subfield code="7">2017</subfield>
   <subfield code="8">20171025</subfield>
   <subfield code="9">336.1/.5STÁ</subfield>
   <subfield code="a">2017</subfield>
   <subfield code="b">2017</subfield>
   <subfield code="f">81</subfield>
   <subfield code="h">2017</subfield>
   <subfield code="l">UEP01</subfield>
   <subfield code="m">BOOK</subfield>
   <subfield code="q">Knihovna FM JH volný výběr</subfield>
   <subfield code="t">na 1 měsíc</subfield>
   <subfield code="u">UEP01</subfield>
  </datafield>
  <datafield tag="996" ind1=" " ind2=" ">
   <subfield code="1">PJMSK</subfield>
   <subfield code="3">F224252d</subfield>
   <subfield code="4">N:G</subfield>
   <subfield code="5">3142294473</subfield>
   <subfield code="7">2016</subfield>
   <subfield code="8">20160909</subfield>
   <subfield code="9">336.1STÁ</subfield>
   <subfield code="a">2016</subfield>
   <subfield code="b">2016</subfield>
   <subfield code="f">81</subfield>
   <subfield code="h">2016</subfield>
   <subfield code="l">UEP01</subfield>
   <subfield code="m">BOOK</subfield>
   <subfield code="q">Knihovna JM - sklad</subfield>
   <subfield code="t">na 1 měsíc</subfield>
   <subfield code="u">UEP01</subfield>
   <subfield code="w">20161025</subfield>
  </datafield>
  <datafield tag="996" ind1=" " ind2=" ">
   <subfield code="1">PJMSK</subfield>
   <subfield code="3">F226124c</subfield>
   <subfield code="4">N:G</subfield>
   <subfield code="5">3142303938</subfield>
   <subfield code="7">2017</subfield>
   <subfield code="8">20170718</subfield>
   <subfield code="9">336.1STÁ</subfield>
   <subfield code="a">2017</subfield>
   <subfield code="b">2017</subfield>
   <subfield code="f">81</subfield>
   <subfield code="h">2017</subfield>
   <subfield code="l">UEP01</subfield>
   <subfield code="m">BOOK</subfield>
   <subfield code="q">Knihovna JM - sklad</subfield>
   <subfield code="t">na 1 měsíc</subfield>
   <subfield code="u">UEP01</subfield>
   <subfield code="w">20170914</subfield>
  </datafield>
  <datafield tag="996" ind1=" " ind2=" ">
   <subfield code="1">PJMSK</subfield>
   <subfield code="3">F226124d</subfield>
   <subfield code="4">N:G</subfield>
   <subfield code="5">3142303939</subfield>
   <subfield code="7">2017</subfield>
   <subfield code="8">20170718</subfield>
   <subfield code="9">336.1STÁ</subfield>
   <subfield code="a">2017</subfield>
   <subfield code="b">2017</subfield>
   <subfield code="f">81</subfield>
   <subfield code="h">2017</subfield>
   <subfield code="l">UEP01</subfield>
   <subfield code="m">BOOK</subfield>
   <subfield code="q">Knihovna JM - sklad</subfield>
   <subfield code="t">na 1 měsíc</subfield>
   <subfield code="u">UEP01</subfield>
   <subfield code="w">20170911</subfield>
  </datafield>
  <datafield tag="996" ind1=" " ind2=" ">
   <subfield code="1">PJMSK</subfield>
   <subfield code="3">F227992b</subfield>
   <subfield code="4">N:G</subfield>
   <subfield code="5">3142319575</subfield>
   <subfield code="7">2018</subfield>
   <subfield code="8">20180904</subfield>
   <subfield code="9">336.1STÁ</subfield>
   <subfield code="a">2018</subfield>
   <subfield code="b">2018</subfield>
   <subfield code="f">81</subfield>
   <subfield code="h">2018</subfield>
   <subfield code="l">UEP01</subfield>
   <subfield code="m">BOOK</subfield>
   <subfield code="q">Knihovna JM - sklad</subfield>
   <subfield code="t">na 1 měsíc</subfield>
   <subfield code="u">UEP01</subfield>
   <subfield code="w">20180914</subfield>
  </datafield>
  <datafield tag="996" ind1=" " ind2=" ">
   <subfield code="1">PJMSK</subfield>
   <subfield code="3">F229184c</subfield>
   <subfield code="4">N:G</subfield>
   <subfield code="5">3142325606</subfield>
   <subfield code="7">2019</subfield>
   <subfield code="8">20190424</subfield>
   <subfield code="9">336.1STÁ</subfield>
   <subfield code="a">2019</subfield>
   <subfield code="b">2019</subfield>
   <subfield code="f">81</subfield>
   <subfield code="h">2019</subfield>
   <subfield code="l">UEP01</subfield>
   <subfield code="m">BOOK</subfield>
   <subfield code="q">Knihovna JM - sklad</subfield>
   <subfield code="t">na 1 měsíc</subfield>
   <subfield code="u">UEP01</subfield>
   <subfield code="w">20190517</subfield>
  </datafield>
  <datafield tag="996" ind1=" " ind2=" ">
   <subfield code="1">PSKLA</subfield>
   <subfield code="3">F224252a</subfield>
   <subfield code="4">N:G</subfield>
   <subfield code="5">3142294470</subfield>
   <subfield code="7">2016</subfield>
   <subfield code="8">20160909</subfield>
   <subfield code="9">336.1STÁ</subfield>
   <subfield code="a">2016</subfield>
   <subfield code="b">2016</subfield>
   <subfield code="f">81</subfield>
   <subfield code="h">2016</subfield>
   <subfield code="l">UEP01</subfield>
   <subfield code="m">BOOK</subfield>
   <subfield code="q">Knihovna Žižkov - sklad</subfield>
   <subfield code="t">na 1 měsíc</subfield>
   <subfield code="u">UEP01</subfield>
   <subfield code="w">20160909</subfield>
  </datafield>
  <datafield tag="996" ind1=" " ind2=" ">
   <subfield code="1">PSKLA</subfield>
   <subfield code="3">F224252b</subfield>
   <subfield code="4">N:G</subfield>
   <subfield code="5">3142294471</subfield>
   <subfield code="7">2016</subfield>
   <subfield code="8">20160909</subfield>
   <subfield code="9">336.1STÁ</subfield>
   <subfield code="a">2016</subfield>
   <subfield code="b">2016</subfield>
   <subfield code="f">81</subfield>
   <subfield code="h">2016</subfield>
   <subfield code="l">UEP01</subfield>
   <subfield code="m">BOOK</subfield>
   <subfield code="q">Knihovna Žižkov - sklad</subfield>
   <subfield code="t">na 1 měsíc</subfield>
   <subfield code="u">UEP01</subfield>
   <subfield code="w">20160909</subfield>
  </datafield>
  <datafield tag="996" ind1=" " ind2=" ">
   <subfield code="1">PSKLA</subfield>
   <subfield code="3">F224252c</subfield>
   <subfield code="4">N:G</subfield>
   <subfield code="5">3142294472</subfield>
   <subfield code="7">2016</subfield>
   <subfield code="8">20160909</subfield>
   <subfield code="9">336.1STÁ</subfield>
   <subfield code="a">2016</subfield>
   <subfield code="b">2016</subfield>
   <subfield code="f">81</subfield>
   <subfield code="h">2016</subfield>
   <subfield code="l">UEP01</subfield>
   <subfield code="m">BOOK</subfield>
   <subfield code="q">Knihovna Žižkov - sklad</subfield>
   <subfield code="t">na 1 měsíc</subfield>
   <subfield code="u">UEP01</subfield>
   <subfield code="w">20160909</subfield>
  </datafield>
  <datafield tag="996" ind1=" " ind2=" ">
   <subfield code="1">PSKLA</subfield>
   <subfield code="3">F226124a</subfield>
   <subfield code="4">N:G</subfield>
   <subfield code="5">3142303936</subfield>
   <subfield code="7">2017</subfield>
   <subfield code="8">20170718</subfield>
   <subfield code="9">336.1STÁ</subfield>
   <subfield code="a">2017</subfield>
   <subfield code="b">2017</subfield>
   <subfield code="f">81</subfield>
   <subfield code="h">2017</subfield>
   <subfield code="l">UEP01</subfield>
   <subfield code="m">BOOK</subfield>
   <subfield code="q">Knihovna Žižkov - sklad</subfield>
   <subfield code="t">na 1 měsíc</subfield>
   <subfield code="u">UEP01</subfield>
   <subfield code="w">20170718</subfield>
  </datafield>
  <datafield tag="996" ind1=" " ind2=" ">
   <subfield code="1">PSKLA</subfield>
   <subfield code="3">F226124b</subfield>
   <subfield code="4">N:G</subfield>
   <subfield code="5">3142303937</subfield>
   <subfield code="7">2017</subfield>
   <subfield code="8">20170718</subfield>
   <subfield code="9">336.1STÁ</subfield>
   <subfield code="a">2017</subfield>
   <subfield code="b">2017</subfield>
   <subfield code="f">81</subfield>
   <subfield code="h">2017</subfield>
   <subfield code="l">UEP01</subfield>
   <subfield code="m">BOOK</subfield>
   <subfield code="q">Knihovna Žižkov - sklad</subfield>
   <subfield code="t">na 1 měsíc</subfield>
   <subfield code="u">UEP01</subfield>
   <subfield code="w">20170718</subfield>
  </datafield>
  <datafield tag="996" ind1=" " ind2=" ">
   <subfield code="1">PSKLA</subfield>
   <subfield code="3">F227992a</subfield>
   <subfield code="4">N:G</subfield>
   <subfield code="5">3142319574</subfield>
   <subfield code="7">2018</subfield>
   <subfield code="8">20180904</subfield>
   <subfield code="9">336.1STÁ</subfield>
   <subfield code="a">2018</subfield>
   <subfield code="b">2018</subfield>
   <subfield code="f">81</subfield>
   <subfield code="h">2018</subfield>
   <subfield code="l">UEP01</subfield>
   <subfield code="m">BOOK</subfield>
   <subfield code="q">Knihovna Žižkov - sklad</subfield>
   <subfield code="t">na 1 měsíc</subfield>
   <subfield code="u">UEP01</subfield>
   <subfield code="w">20180904</subfield>
  </datafield>
  <datafield tag="996" ind1=" " ind2=" ">
   <subfield code="1">PSKLA</subfield>
   <subfield code="3">F229184a</subfield>
   <subfield code="4">N:G</subfield>
   <subfield code="5">3142325604</subfield>
   <subfield code="7">2019</subfield>
   <subfield code="8">20190424</subfield>
   <subfield code="9">336.1STÁ</subfield>
   <subfield code="a">2019</subfield>
   <subfield code="b">2019</subfield>
   <subfield code="f">81</subfield>
   <subfield code="h">2019</subfield>
   <subfield code="l">UEP01</subfield>
   <subfield code="m">BOOK</subfield>
   <subfield code="q">Knihovna Žižkov - sklad</subfield>
   <subfield code="t">na 1 měsíc</subfield>
   <subfield code="u">UEP01</subfield>
   <subfield code="w">20190424</subfield>
  </datafield>
  <datafield tag="996" ind1=" " ind2=" ">
   <subfield code="1">PSKLA</subfield>
   <subfield code="3">F229184b</subfield>
   <subfield code="4">N:G</subfield>
   <subfield code="5">3142325605</subfield>
   <subfield code="7">2019</subfield>
   <subfield code="8">20190424</subfield>
   <subfield code="9">336.1STÁ</subfield>
   <subfield code="a">2019</subfield>
   <subfield code="b">2019</subfield>
   <subfield code="f">81</subfield>
   <subfield code="h">2019</subfield>
   <subfield code="l">UEP01</subfield>
   <subfield code="m">BOOK</subfield>
   <subfield code="q">Knihovna Žižkov - sklad</subfield>
   <subfield code="t">na 1 měsíc</subfield>
   <subfield code="u">UEP01</subfield>
   <subfield code="w">20190424</subfield>
  </datafield>
 </record>
</collection>
